[Event "Levitov Chess Week Rapid 2019"]
[Site "Amsterdam"]
[Date "2019.08.05"]
[Round "3.1"]
[White "Svidler, Peter"]
[Black "Giri, Anish"]
[Result "1/2-1/2"]
[WhiteElo "2737"]
[BlackElo "2779"]
[Annotator "TA"]
[PlyCount "49"]
[EventDate "2019.08.04"]
[EventType "tourn"]
[EventCountry "NED"]
[SourceTitle "playchess.com"]
[Source "ChessBase"]
[SourceQuality "1"]

{[%evp 13,49,0,0,0,0,-7,0,-12,5,0,7,-14,-39,-29,-28,-33,14,-46,-31,-20,-29,-68,0,-17,0,0,0,-22,-13,-27,-11,-64,0,0,0,-74,0,0]} 1. c4 e5 2. g3 Nf6 3. Bg2 d5 4. cxd5 Nxd5 5. Nf3 Nc6 6. O-O Nb6 7. d3 Be7 8. Nbd2 {A20: English Opening: 1...e5} O-O 9. b3 Be6 10. Bb2 f6 11. Rc1 Qd7 12. d4 $146 ({Predecessor:} 12. Ne4 Rad8 13. Qc2 Nd5 14. Rfd1 a5 15. a3 Kh8 16. d4 f5 17. Nc5 Bxc5 18. Qxc5 e4 19. Ne5 Nxe5 20. dxe5 b6 {½-½ (67) Le,Q (2714)-Giri,A (2783) St Petersburg 2018}) 12... exd4 {[#]} 13. Rxc6 $1 {[%mdl 512]} bxc6 14. Nxd4 Nd5 15. Nc4 (15. Qc1 $11) 15... Rad8 $15 16. Na5 c5 17. Ndc6 {[#]} Rde8 (17... Nf4 $1 $15 {[%mdl 512]} 18. Nxd8 (18. Nxe7+ Qxe7 19. Nc6 Qd7 $15) (18. gxf4 Qxd1) 18... Rxd8 19. Qxd7 Nxe2+ 20. Kh1 Rxd7) 18. Nxa7 (18. Qc2 $5 {[%cal Rf1d1]} Bd6 19. Rd1 $15) 18... f5 19. N7c6 {aiming for Ne5.} Bf6 20. Ne5 Bxe5 21. Bxe5 f4 22. Nb7 (22. a4 $11) 22... Qc6 (22... f3 $5 23. Bxf3 Rxf3 24. Nxc5 Qc6 25. Nxe6 Rf7 $15) 23. Na5 Qd7 24. Nb7 {[#]} Qc6 ({Black should try} 24... f3 $1 $17 {[%cal Rf3g2][%mdl 512]} 25. Bxf3 (25. exf3 Qb5) 25... Rxf3 26. exf3 Qb5 27. Nxc5 Qxc5) 25. Na5 {Accuracy: White = 56%, Black = 43%.} 1/2-1/2

[Event "Levitov Chess Week Rapid 2019"]
[Site "Amsterdam"]
[Date "2019.08.05"]
[Round "3.2"]
[White "Grischuk, Alexander"]
[Black "Bareev, Evgeny"]
[Result "1-0"]
[WhiteElo "2766"]
[BlackElo "2643"]
[Annotator "TA"]
[PlyCount "67"]
[EventDate "2019.08.04"]
[EventType "tourn"]
[EventCountry "NED"]
[SourceTitle "playchess.com"]
[Source "ChessBase"]
[SourceQuality "1"]

{[%evp 11,67,22,39,20,35,33,49,49,49,45,53,50,51,54,51,48,70,70,70,71,86,86,85,73,118,100,140,147,161,148,146,146,141,149,145,148,133,113,104,105,143,152,155,153,144,147,149,145,179,160,306,297,392,356,339,372,614,600]} 1. e4 c6 2. d4 d5 3. e5 Bf5 4. Nf3 e6 5. Be2 Nd7 6. O-O Bg6 7. Nbd2 {B12: Caro-Kann: Advance Variation} (7. c3 Nh6 8. a4 a5 9. Na3 Be7 10. Nc2 O-O 11. Nce1 c5 12. Bxh6 gxh6 13. Bb5 cxd4 14. cxd4 Nb8 15. Qd2 {0-1 (52) Yu,Y (2764)-Artemiev,V (2709) Caleta 2019}) 7... Be7 8. a4 Nh6 9. Nb3 {White is slightly better.} Nf5 10. g4 Nh4 11. Nxh4 $1 Bxh4 12. f4 {[#] Black must now prevent f5.} f5 13. Bd3 Qe7 $146 ({Predecessor:} 13... O-O 14. g5 h6 15. gxh6 gxh6 {1-0 (41) Syrov,A (2073)-Brinkmann,F (2068) Willingen 2015}) 14. gxf5 exf5 15. Qf3 Qe6 16. a5 O-O 17. Be3 b5 18. Kh1 Kh8 19. Rg1 a6 20. Rg2 Be8 21. Nd2 Be7 22. Rag1 g6 23. Qh3 c5 24. Nf3 c4 25. Be2 Nb8 26. Qh6 Rg8 27. Ng5 Bxg5 28. Rxg5 $40 {[%mdl 128] White attacks with force.} Nc6 29. Bf2 ({Don't do} 29. Rh5 $6 Qf7 $14) 29... Ra7 30. R5g2 Rf7 (30... Rgg7 $16 {was worth a try.} 31. c3 Nd8) 31. h4 $18 Rfg7 32. h5 Nd8 {[#] Threatens to win with ...Nf7.} 33. Qg5 Qd7 $2 (33... Nc6 34. c3 Rf8) 34. Qf6 {Accuracy: White = 94%, Black = 43%.} 1-0

[Event "Levitov Chess Week Rapid 2019"]
[Site "Amsterdam"]
[Date "2019.08.05"]
[Round "3.3"]
[White "Anand, Viswanathan"]
[Black "Gelfand, Boris"]
[Result "1-0"]
[WhiteElo "2764"]
[BlackElo "2676"]
[Annotator "TA"]
[PlyCount "69"]
[EventDate "2019.08.04"]
[EventType "tourn"]
[EventCountry "NED"]
[SourceTitle "playchess.com"]
[Source "ChessBase"]
[SourceQuality "1"]

{[%evp 13,69,25,34,9,0,2,18,17,7,0,6,0,0,0,0,0,0,-4,37,35,26,8,100,116,191,181,173,183,325,322,280,226,272,245,388,356,482,506,507,473,750,804,1353,1303,1093,781,1078,1083,1141,1125,1065,636,1041,1041,1025,1043,866,762]} 1. e4 c5 2. Nf3 Nc6 3. Bb5 g6 4. Bxc6 bxc6 5. O-O Bg7 6. Re1 Nh6 7. c3 O-O 8. h3 {B31: Sicilian: 2...Nc6 3 Bb5 g6} f5 (8... d5 9. d3 c4 10. dxc4 dxe4 11. Qxd8 Rxd8 12. Rxe4 e5 13. Re1 f6 14. Nbd2 Nf7 15. Ne4 f5 {1-0 (58) Anand,V (2776)-Gelfand,B (2743) Moscow 2016}) 9. e5 Nf7 10. d4 {The position is equal.} cxd4 11. cxd4 Bb7 12. Nc3 c5 $1 13. dxc5 e6 {[#]} 14. b4 $146 ({Predecessor:} 14. Be3 Rb8 15. Bd4 h5 {½-½ (29) Adams,M (2747)-Giri,A (2785) Moscow 2017}) 14... g5 {...g4 is the strong threat.} 15. Qd4 h5 (15... Qb8 $5 {[%cal Rb7f3]} 16. Bxg5 Bxf3 $15) 16. Nd2 $1 g4 17. hxg4 fxg4 (17... hxg4 $11 {keeps the balance.} 18. Nc4 Qh4) 18. Nc4 $16 Ng5 (18... Rb8 $16) 19. Bxg5 $1 $18 Qxg5 20. Ne4 $36 {[%mdl 2048] White has strong initiative.} ({Worse is} 20. Qxd7 Qf4 $15) 20... Qh4 (20... Qg6 $142 21. Ncd6 Rab8 22. Nxb7 {[%mdl 64] Discovered Attack} Rxb7) 21. Ncd6 ({And not} 21. Qxd7 Bxe4 22. Rxe4 Qxf2+ 23. Kh1 Qh4+ 24. Kg1 Rf2 $11) 21... Bd5 22. g3 Qe7 23. Re3 Kh8 (23... h4 $142 24. Rd1 hxg3) 24. Rf1 {[%cal Ba1f1,Bf1f2,Bf2h2,Bh2h5][%mdl 32]} Bxa2 25. f4 {White is clearly winning.} Bd5 26. Rf2 Bh6 (26... Bxe4 $142 27. Qxe4 Bh6) 27. Nf6 Bf3 28. Rh2 Qg7 29. Qd3 Rxf6 30. exf6 Qxf6 31. Re5 Kg8 32. Rhxh5 a5 33. Ne4 Bxe4 34. Qxe4 {[#] White threatens Rxh6 and mate.} Rb8 35. bxa5 {Accuracy: White = 76%, Black = 43%.} 1-0

[Event "Levitov Chess Week Rapid 2019"]
[Site "Amsterdam"]
[Date "2019.08.05"]
[Round "3.4"]
[White "Kramnik, Vladimir"]
[Black "Nepomniachtchi, Ian"]
[Result "0-1"]
[WhiteElo "2753"]
[BlackElo "2775"]
[Annotator "TA"]
[PlyCount "80"]
[EventDate "2019.08.04"]
[EventType "tourn"]
[EventCountry "NED"]
[SourceTitle "playchess.com"]
[Source "ChessBase"]
[SourceQuality "1"]

{[%evp 9,80,25,30,30,24,18,25,18,22,16,7,18,26,22,91,91,100,83,114,106,123,108,112,107,119,123,124,141,135,138,139,134,139,126,143,71,78,64,64,67,99,77,90,104,92,78,95,88,93,96,91,79,75,93,93,99,102,48,81,-427,-425,-416,342,-381,-292,-535,-395,-29982,-29983,-29983,-29984,-29993,-29994]} 1. Nf3 d5 2. d4 Bf5 3. c4 e6 4. Nc3 Nc6 5. cxd5 exd5 6. Bf4 {D06: Queen's Gambit: Symmetrical and Baltic Defences} Bd6 7. Bg3 (7. Nxd5 Be4 8. Nc3 Bxf3 9. Bxd6 Qxd6 10. gxf3 Qxd4 11. e3 Qf6 12. Nd5 Qd6 13. Qb3 {½-½ (60) Aronian,L (2795)-Li,C (2746) Moscow 2016}) 7... Nf6 8. e3 {White has an edge.} Ne7 $146 ({Predecessor:} 8... O-O 9. Be2 Ne7 10. O-O c6 11. Nd2 Nc8 12. a3 Bxg3 13. hxg3 Qe7 {0-1 (45) Grunberg,M (2426)-Stevic,H (2616) Austria 2012}) 9. Bh4 Ne4 10. Bd3 c6 11. Qc2 Qa5 (11... Bb4 $11 {keeps the balance.}) 12. Bxe7 $1 $16 Bxe7 13. O-O Nxc3 14. Bxf5 Nb5 15. Ne5 Qc7 16. Bxh7 ({Of course not} 16. Bd7+ $6 Kf8 $11) 16... Bf6 17. f4 O-O-O {...g6 would now be nice for Black.} 18. Bd3 Nd6 19. Rac1 {And now b4 would win.} Kb8 20. b4 {b5! is the strong threat.} Qe7 21. a4 Rc8 22. Qb3 (22. Qf2 $142) 22... Bxe5 23. dxe5 f6 $1 24. Qc3 ({Don't go for} 24. exd6 $2 Qxe3+ 25. Rf2 (25. Kh1 $2 {leads to mate.} Rxh2+ {[%mdl 64] Clearance} 26. Kxh2 Rh8+ 27. Bh7 Rxh7#) 25... Qxc1+ 26. Bf1 Rcd8 $19) 24... Nf7 {[%cal Rf6e5]} 25. Bf5 Rc7 {[%cal Rf6e5]} 26. exf6 gxf6 27. Rf3 Nd6 28. Bd3 Rd8 29. Qd4 Ne4 30. Rh3 a5 31. bxa5 c5 32. Qb2 c4 33. Bxe4 (33. Bc2 $16) 33... dxe4 $14 34. Rh5 $2 {[%mdl 8192] [#]} (34. Rg3 $1 $16 {stays on course.}) 34... c3 $1 $19 {[%cal Rc3b2]} 35. Rxc3 Rd1+ 36. Kf2 {[#]} Qd8 $1 {Strongly threatening ...Rd2+.} 37. Kg3 $2 (37. Qb4 Qd2+ {[%mdl 64] Double Attack} 38. Kg3 Rxc3 39. Rh8+ Rc8 40. Rxc8+ Kxc8 41. Qxe4) 37... Rd2 38. Qb3 $2 (38. Qxd2 $19 Rg7+ 39. Kh4 Qxd2 40. Rh8+ Ka7 41. Rcc8) 38... Rg7+ {Black mates.} 39. Kh3 Rgxg2 40. Qf7 f5 0-1

[Event "Levitov Chess Week Rapid 2019"]
[Site "Amsterdam"]
[Date "2019.08.05"]
[Round "4.1"]
[White "Svidler, Peter"]
[Black "Grischuk, Alexander"]
[Result "0-1"]
[WhiteElo "2737"]
[BlackElo "2766"]
[Annotator "TA"]
[PlyCount "66"]
[EventDate "2019.08.04"]
[EventType "tourn"]
[EventCountry "NED"]
[SourceTitle "playchess.com"]
[Source "ChessBase"]
[SourceQuality "1"]

{[%evp 19,66,0,0,0,0,0,8,10,14,15,12,-41,-32,-29,0,-25,-16,-13,-18,-54,-48,-27,-28,-41,-34,-38,-45,-205,-213,-200,-194,-201,-194,-308,-304,-29982,-29981,-29983,-29984,-29984,-29985,-29985,-29986,-29986,-29987,-29991,-29992,-29992,-29993]} 1. e4 c5 2. Nf3 Nc6 3. d4 cxd4 4. Nxd4 Nf6 5. Nc3 e5 6. Ndb5 d6 7. Nd5 Nxd5 8. exd5 Nb8 9. a4 Be7 10. Be2 O-O 11. O-O {B33: Sicilian: Pelikan and Sveshnikov Variations} Nd7 12. Bd2 a6 (12... f5 13. a5 a6 14. Na3 e4 15. Nc4 Ne5 16. Nb6 Rb8 17. f4 exf3 18. Bxf3 Bf6 {½-½ (40) Svidler,P (2735)-Caruana,F (2819) Karlsruhe/Baden Baden 2019}) 13. Na3 {The position is equal.} a5 14. c3 f5 {[#]} 15. b4 $146 (15. f4 $11) ({Predecessor:} 15. f4 Nc5 16. Be3 exf4 17. Bxc5 dxc5 18. Rxf4 Bd6 {1-0 (42) Esipenko,A (2603)-Gelfand,B (2655) Skopje 2019}) 15... f4 $15 16. Nc4 b6 17. Re1 Kh8 18. Rb1 Ba6 19. Bf1 Nf6 20. bxa5 bxa5 21. Nb6 Bxf1 22. Nxa8 Bd3 $36 {[%mdl 2048] Black is pushing.} 23. Nb6 $2 (23. Rb7 $1 $15) 23... Bxb1 $19 24. Qxb1 {[#]} Qc7 $1 {And now ...Rb8 would win.} 25. c4 Qc5 {Hoping for ...Bd8.} 26. Qb5 (26. Bxf4 {was the only defense.} exf4 27. Rxe7) 26... Qd4 27. Bxa5 $2 (27. Re2 $19 Rb8 28. Bxa5) 27... f3 {Black mates.} 28. gxf3 {[#]} Ng4 $1 {[%mdl 512]} 29. Rf1 {[#]} (29. fxg4 Qxf2+) 29... Nxh2 $1 {[%mdl 512]} 30. Kxh2 Qh4+ 31. Kg2 Qg5+ 32. Kh1 Rf4 {[%cal Rf4h4]} 33. Qe8+ Bf8 {Accuracy: White = 35%, Black = 76%.} 0-1

[Event "Levitov Chess Week Rapid 2019"]
[Site "Amsterdam"]
[Date "2019.08.05"]
[Round "4.2"]
[White "Giri, Anish"]
[Black "Bareev, Evgeny"]
[Result "1-0"]
[WhiteElo "2779"]
[BlackElo "2643"]
[Annotator "TA"]
[PlyCount "125"]
[EventDate "2019.08.04"]
[EventType "tourn"]
[EventCountry "NED"]
[SourceTitle "playchess.com"]
[Source "ChessBase"]
[SourceQuality "1"]

{[%evp 16,125,66,55,52,29,62,42,34,38,37,33,40,26,29,31,44,1,28,0,18,0,0,-27,-12,-11,20,-16,0,-61,-60,-58,-50,-56,-61,-65,-52,-59,-59,-57,-56,-59,-55,-48,0,0,0,0,0,-70,-26,-43,-28,-36,-34,-44,-40,-40,-34,-40,-38,-46,-39,-56,-36,-43,-43,-43,-8,-50,-50,-49,-48,-107,-90,-90,-90,-90,0,0,0,0,14,14,54,54,69,69,120,120,119,118,116,0,-8,0,0,-62,34,8,112,112,252,252,255,250,319,304,277,273,569,541]} 1. e4 e6 2. d4 d5 3. Nc3 dxe4 4. Nxe4 Bd7 5. Nf3 Bc6 6. Bd3 Nd7 7. O-O Ngf6 8. Ng3 Bxf3 9. Qxf3 c6 {C10: French with 3 Nc3: Unusual Black 3rd moves and 3...dxe4} 10. b3 a5 $146 ({Predecessor:} 10... g6 11. Bf4 Qa5 12. c4 Bg7 13. Bd6 Bf8 14. Bf4 Bg7 15. Bd6 {½-½ (15) Saric,I (2626)-Predojevic,B (2600) Novi Sad 2012}) 11. a3 g6 {White is slightly better.} 12. Bb2 Bg7 13. Rfe1 O-O 14. Rad1 Re8 15. c4 Qc7 16. Bb1 Rad8 17. Nf1 b5 18. Ne3 bxc4 19. bxc4 e5 20. d5 Nc5 21. Qe2 Rb8 22. d6 (22. Bc3 $11) 22... Qb6 23. Bc3 Qb3 24. Bxa5 Qxa3 25. Bc7 Rb2 26. Rd2 Rxd2 27. Qxd2 Nfd7 28. Nc2 Qa6 29. Nb4 Qxc4 {[#] White must now prevent ...Nb3.} 30. Nxc6 Ra8 31. Na5 Qd4 32. Qc1 (32. Rd1 $11) 32... e4 33. Nc6 Qc3 34. Ne7+ Kf8 35. Nd5 Qxc1 36. Rxc1 Ra1 37. Rd1 f5 38. Kf1 Be5 39. g3 Kf7 40. Nb4 Ne6 41. Nc6 {[#]} Nd4 $1 {[%mdl 512]} 42. Nxe5+ (42. Nxd4 Bxd4) 42... Nxe5 43. Kg2 {d7 is the strong threat.} Ke6 44. h3 ({Better is} 44. d7 $15 Nxd7 45. Rxd4 Rxb1 46. Rd6+ Ke7 47. Rc6) 44... Nb5 45. Bc2 Rxd1 46. Bxd1 $17 {[%mdl 4096] Endgame KBB-KNN} Kd7 (46... Nxc7 $17 47. dxc7 Kd7) 47. Ba4 $11 Kc6 48. g4 f4 49. Bd8 {Hoping for Bf6.} Kc5 50. Bf6 Nd7 51. Bg5 f3+ (51... Kb4 $14 52. Bc2 Nxd6) 52. Kg3 $16 Kb4 53. Bc2 Nxd6 54. Be7 (54. Kf4 $16) 54... Kc3 $11 55. Bb1 $1 Nc8 $1 {[%cal Rc8e7]} 56. Ba3 (56. Bg5 $11) 56... Nf6 (56... Kb3 $15 57. Bc1 Nc5) 57. Kf4 (57. g5 $5 {[%cal Rg5f6]} Nh5+ 58. Kg4 $14) 57... Nb6 (57... Kd2 $1 $11) 58. Bxe4 $16 Nbd5+ (58... Nxe4 $16 59. Kxe4 Nc4) 59. Kxf3 $18 Kc4 60. Bc2 Nd7 61. Ke4 Nc3+ 62. Kf4 h6 $2 (62... Nb5) 63. Bxg6 {Accuracy: White = 56%, Black = 42%.} 1-0

[Event "Levitov Chess Week Rapid 2019"]
[Site "Amsterdam"]
[Date "2019.08.05"]
[Round "4.3"]
[White "Anand, Viswanathan"]
[Black "Kramnik, Vladimir"]
[Result "1-0"]
[WhiteElo "2764"]
[BlackElo "2753"]
[Annotator "TA"]
[PlyCount "87"]
[EventDate "2019.08.04"]
[EventType "tourn"]
[EventCountry "NED"]
[SourceTitle "playchess.com"]
[Source "ChessBase"]
[SourceQuality "1"]

{[%evp 11,87,12,18,22,34,29,29,14,26,9,28,24,23,20,25,24,26,25,25,25,61,60,56,53,60,47,74,75,63,72,78,25,75,76,91,79,96,91,168,160,244,244,239,204,254,246,247,241,245,246,244,231,260,252,261,260,271,268,303,306,297,304,476,312,520,296,295,294,759,758,747,732,875,846,2164,1908,1829,421]} 1. e4 e5 2. Nf3 Nc6 3. Bc4 Bc5 4. O-O Nf6 5. d3 d6 6. c3 a6 7. a4 {C54: Giuoco Piano: 4 c3 Nf6, main lines with 5 d4 and 5 d3} Ba7 8. Re1 O-O 9. h3 {White has an edge.} h6 10. Nbd2 Be6 11. Bxe6 fxe6 12. b4 Nh5 13. Ra2 Nf4 14. Nc4 b5 {[#]} 15. Bxf4 $146 ({Predecessor:} 15. Ne3) 15... bxc4 16. Be3 Bxe3 17. Rxe3 cxd3 18. Qxd3 Ne7 19. c4 Qb8 20. Qd2 Qb7 21. Ne1 ({White should try} 21. Rb2 $16) 21... Rad8 22. b5 Ng6 23. Nd3 axb5 24. cxb5 Ra8 (24... c6 $16 {keeps fighting.}) 25. Nb4 $18 Nf4 (25... Ne7 $16 {was worth a try.} 26. Qd3 Qc8) 26. Nc6 Kh7 27. Kh2 Rf6 28. g3 Ng6 29. Rb3 Nf8 30. a5 {[%cal Ba4a5,Ba5a6][%mdl 32]} Nd7 31. a6 Qc8 32. Qe2 Qe8 33. Rf3 Qf7 34. Rxf6 gxf6 35. Rc2 Nb6 36. Na5 f5 (36... Rf8 {is a better defense.} 37. Rc6 Ra8) 37. Rc6 {[#] Hoping for Qc2.} Rf8 $2 (37... f4 38. Nb7 Rb8) 38. Qc2 Na8 39. exf5 exf5 $2 {[#]} (39... Qxf5 40. Kg2 Kg6) 40. b6 $1 {[%mdl 512] White is clearly winning.} cxb6 (40... Nxb6 41. Rxc7) 41. Nc4 Kg7 42. Rxd6 f4 43. g4 f3 44. Qe4 {Accuracy: White = 68%, Black = 34%.} (44. Ne3 $142) 1-0

[Event "Levitov Chess Week Rapid 2019"]
[Site "Amsterdam"]
[Date "2019.08.05"]
[Round "4.4"]
[White "Gelfand, Boris"]
[Black "Nepomniachtchi, Ian"]
[Result "1/2-1/2"]
[WhiteElo "2676"]
[BlackElo "2775"]
[Annotator "TA"]
[PlyCount "63"]
[EventDate "2019.08.04"]
[EventType "tourn"]
[EventCountry "NED"]
[SourceTitle "playchess.com"]
[Source "ChessBase"]
[SourceQuality "1"]

{[%evp 21,63,31,41,33,38,36,35,36,40,34,37,42,26,25,29,25,31,9,40,14,14,0,0,0,0,0,6,0,0,-3,0,0,0,0,0,0,0,0,0,0,0,0,7,0]} 1. Nf3 c5 2. c4 Nc6 3. Nc3 Nf6 4. g3 d5 5. d4 e6 6. cxd5 Nxd5 7. Bg2 cxd4 8. Nxd4 Nxc3 9. bxc3 Nxd4 10. Qxd4 Qxd4 11. cxd4 Bb4+ 12. Bd2 {D41: Queen's Gambit Declined: Semi-Tarrasch with 5 cxd5} Bxd2+ 13. Kxd2 Rb8 14. Rhc1 {White is slightly better.} Kd8 15. Rc3 Re8 $1 16. Rac1 Re7 $1 {[#]} 17. Be4 $146 ({Predecessor:} 17. f4 b6 18. g4 h6 19. g5 hxg5 20. fxg5 {1-0 (68) Navara,D (2616)-Alekseev,E (2606) Lausanne 2004}) 17... h6 18. h4 b6 19. g4 Bb7 20. Ke3 Rc8 {The position is equal.} 21. Rxc8+ (21. Bxb7 {is more complex.} Rxc3+ 22. Rxc3 Rxb7 23. Ke4 a5 24. Kd3) 21... Bxc8 $11 {[%mdl 4096] Endgame KRB-KRB} 22. g5 Rc7 23. gxh6 gxh6 24. Rxc7 Kxc7 {KB-KB} 25. Kf4 {Black must now prevent Bd3.} Kd6 26. Bd3 {Kg4 is the strong threat.} Ke7 27. e4 Bd7 28. e5 b5 29. a3 a5 30. Ke3 f6 31. f4 Be8 32. Kd2 {Accuracy: White = 60%, Black = 83%.} 1/2-1/2

[Event "Levitov Chess Week Rapid 2019"]
[Site "Amsterdam"]
[Date "2019.08.05"]
[Round "5.1"]
[White "Grischuk, Alexander"]
[Black "Giri, Anish"]
[Result "1/2-1/2"]
[WhiteElo "2766"]
[BlackElo "2779"]
[Annotator "TA"]
[PlyCount "74"]
[EventDate "2019.08.04"]
[EventType "tourn"]
[EventCountry "NED"]
[SourceTitle "playchess.com"]
[Source "ChessBase"]
[SourceQuality "1"]

{[%evp 9,74,0,0,0,0,0,0,2,20,18,14,0,11,0,8,0,0,0,0,-8,0,-14,0,-13,0,-9,0,-9,0,0,1,0,0,0,7,0,20,26,21,33,19,24,33,33,33,33,33,33,40,25,23,22,52,49,52,42,47,0,0,0,18,18,18,18,18,25,25]} 1. e4 e5 2. Nf3 Nc6 3. Bb5 Nf6 4. d3 Bc5 5. Ba4 $146 ({Predecessor:} 5. c3 O-O 6. O-O d6 {1-0 (39) Carlsen,M (2845)-Grischuk,A (2771) Shamkir 2019}) 5... O-O 6. O-O {C65: Ruy Lopez: Berlin Defence (3...Nf6), unusual lines and 4 0-0 Bc5} d6 7. c3 Ne7 8. Bc2 {The position is equal.} Ng6 9. d4 Bb6 10. a4 {[%cal Ba2a4,Ba4a5][%mdl 32] [#] Strongly threatening a5.} c6 11. dxe5 Nxe5 12. Nxe5 dxe5 13. Qxd8 Rxd8 14. a5 Bc5 15. Nd2 Be6 16. Re1 h6 17. h3 b5 18. Nb3 Bxb3 19. Bxb3 Nh5 20. Bc2 a6 21. Kf1 Rd6 22. Ke2 Rf6 (22... Kf8 {is interesting.} 23. g3 Rad8 24. Rg1 Ba7 25. Rg2 g5) 23. Rf1 Nf4+ 24. Bxf4 $1 Rxf4 25. Rad1 Kf8 26. Rd7 Ke8 27. Rc7 Rf6 $1 {[#] ...Kd8 is the strong threat.} 28. Bb3 Ra7 29. Rc8+ Kd7 30. Rg8 g5 31. Rd1+ Ke7 32. f3 $36 {[%mdl 2048] White fights for an advantage.} Bd6 33. c4 Bc7 34. Ra1 Rb7 35. c5 Rb8 36. Rxb8 Bxb8 37. Ba2 Rg6 {Accuracy: White = 74%, Black = 72%.} 1/2-1/2

[Event "Levitov Chess Week Rapid 2019"]
[Site "Amsterdam"]
[Date "2019.08.05"]
[Round "5.2"]
[White "Bareev, Evgeny"]
[Black "Svidler, Peter"]
[Result "1/2-1/2"]
[WhiteElo "2643"]
[BlackElo "2737"]
[Annotator "TA"]
[PlyCount "64"]
[EventDate "2019.08.04"]
[EventType "tourn"]
[EventCountry "NED"]
[SourceTitle "playchess.com"]
[Source "ChessBase"]
[SourceQuality "1"]

{[%evp 22,64,31,21,28,0,6,8,10,0,0,0,0,0,12,-11,14,0,0,0,0,0,0,0,0,0,0,0,0,0,0,0,0,-3,-3,-1,-3,-3,-3,-3,-8,-4,-3,-4,-4]} 1. d4 Nf6 2. c3 e6 3. Bg5 h6 4. Bh4 c5 5. e3 b6 6. Bd3 Bb7 7. Nf3 Be7 8. Nbd2 O-O 9. O-O cxd4 10. exd4 d6 11. Re1 Nbd7 {[%cal Bb8d7,Bd7f6,Bf6d5][%mdl 32]} 12. a4 a6 {A47: 1 d4 Nf6 2 Nf3 b6: Torre, London and Colle Systems} 13. h3 (13. Nc4 Qc7 14. Ne3 Rfe8 15. Bc2 Bf8 16. Qe2 Bc6 17. Bd3 Qb7 18. Nc2 e5 19. dxe5 dxe5 {0-1 (51) Ivanchuk,V (2739)-Carlsen,M (2801) Moscow 2009}) 13... Nh5 {The position is equal.} 14. Bxe7 Qxe7 15. Be4 Ndf6 $146 ({Predecessor:} 15... Bxe4 16. Nxe4 Nhf6 17. Qd3 Nxe4 18. Qxe4 Nf6 19. Qd3 Qb7 20. Nd2 {½-½ (50) Isfan,I (1816)-Itkis,B (2379) Eforie Nord 2016}) 16. Bxb7 Qxb7 17. g3 b5 18. Qb3 Qc6 19. Ra2 Nd5 20. Rea1 {Strongly threatening axb5.} Rab8 21. axb5 axb5 22. Ra6 Rb6 23. Rxb6 Qxb6 24. Qa2 Nhf6 25. Qa6 Rb8 26. Qxb6 Nxb6 27. b3 Rc8 28. Ra6 Nfd5 29. c4 bxc4 30. bxc4 Nxc4 31. Nxc4 Rxc4 32. Rxd6 g5 {Accuracy: White = 50%, Black = 73%.} 1/2-1/2

[Event "Levitov Chess Week Rapid 2019"]
[Site "Amsterdam"]
[Date "2019.08.05"]
[Round "5.3"]
[White "Kramnik, Vladimir"]
[Black "Gelfand, Boris"]
[Result "0-1"]
[WhiteElo "2753"]
[BlackElo "2676"]
[Annotator "TA"]
[PlyCount "58"]
[EventDate "2019.08.04"]
[EventType "tourn"]
[EventCountry "NED"]
[SourceTitle "playchess.com"]
[Source "ChessBase"]
[SourceQuality "1"]

{[%evp 9,58,-8,-8,-17,-11,-19,0,-10,-5,-8,-10,-18,-13,-39,-8,-9,-2,-40,0,-44,-38,-110,-11,-122,0,-44,-50,-46,-30,-29,-46,-51,76,77,123,117,102,72,79,68,70,62,81,15,44,0,0,0,-6,-1512,-1379]} 1. c4 c5 2. g3 g6 3. Bg2 Bg7 4. Nc3 Nc6 5. h4 (5. Nf3 d6 6. O-O Bf5 7. h3 Nf6 8. d3 O-O 9. Be3 a6 10. Qd2 b5 11. cxb5 axb5 12. Nxb5 Qa5 13. Nc3 Rab8 14. Rfc1 Rfc8 {1-0 (43) Carlsen,M (2845)-Vachier Lagrave,M (2773) Karlsruhe/Baden Baden 2019}) 5... Nf6 6. a3 {A36: Symmetrical English vs ...g6: 4 Bg2 Bg7} O-O 7. d3 b6 $146 ({Predecessor:} 7... d6 8. h5 Nxh5 9. Bf3 Nf6 10. Bh6 Bxh6 11. Rxh6 Kg7 12. Qd2 Nd4 13. O-O-O Nb3+ 14. Kc2 Nxd2 15. Kxd2 Kxh6 {0-1 (15) Allram,S (1938)-Schweighofer,J (1794) Zwettl 2012}) 8. Rb1 {The position is equal.} Bb7 9. b4 d6 10. Nh3 Qd7 $36 {[%mdl 2048] Black is pushing.} 11. Nf4 Ne5 12. Kf1 e6 13. h5 Rad8 14. bxc5 dxc5 15. hxg6 (15. h6 $15 Bh8 16. Bb2) 15... hxg6 ({Better is} 15... fxg6 $17 {Hoping for ...g5.} 16. Bxb7 Qxb7) 16. Qe1 (16. Qc2 $11) 16... Nc6 (16... g5 $17 17. Nh3 Bxg2+ 18. Kxg2 Qc6+ 19. Kg1 {[#]} Rxd3 $1 {[%mdl 512]} 20. Nxg5 Rd7) 17. f3 Nd4 18. g4 e5 19. Nh3 $1 {[#]} Nxf3 $1 {[%mdl 512]} 20. exf3 {Black must now prevent Nf2.} Qxd3+ (20... e4 $1 $15 {keeps the upper hand.} 21. Qd1 (21. dxe4 Qd3+ {[%mdl 64] Double Attack} 22. Kg1 Nxg4 $15) 21... exf3 22. Bxf3 Bxf3 23. Qxf3 Qxd3+ 24. Qxd3 Rxd3) 21. Kg1 $16 e4 22. Nf2 Qxc4 23. Ncxe4 ({Reject} 23. Nfxe4 Nxe4 24. Nxe4 Bxe4 $15) 23... Nxe4 24. fxe4 ({Much worse is} 24. Nxe4 $6 Bxe4 25. fxe4 (25. Qxe4 $2 Qa2 $19) 25... Rd3 $15) 24... Qa2 25. Be3 Qxa3 26. g5 ({White should play} 26. Qe2 $16) 26... Bc8 $11 27. Bh3 Bd4 28. Bxd4 Qg3+ {[%mdl 64] Double Attack} 29. Kf1 $2 {[%mdl 8192]} (29. Bg2 $11 Rxd4 30. Nh3 Qxe1+ 31. Rxe1) 29... Ba6+ {Accuracy: White = 29%, Black = 44%.} 0-1